Concrete Technology (Record no. 245117)

MARC details
000 -LEADER
fixed length control field 00381pam a2200145 a 4500
020 ## - INTERNATIONAL STANDARD BOOK NUMBER
International Standard Book Number 978-81-317-0536-0
Terms of availability
041 ## - LANGUAGE CODE
Language code of original
082 ## - DEWEY DECIMAL CLASSIFICATION NUMBER
Classification number 666.893
100 ## - MAIN ENTRY--PERSONAL NAME
Personal name Neville A. M. & Brooks J.J.
Relator term Author
245 ## - TITLE STATEMENT
Title Concrete Technology
Statement of responsibility, etc. Neville A. M. & Brooks J.J.
Medium Textual Documents
250 ## - EDITION STATEMENT
Edition statement 13th Ed.
260 ## - PUBLICATION, DISTRIBUTION, ETC.
Name of publisher, distributor, etc. Pearson Prentice Hall
Date of publication, distribution, etc. 2013
300 ## - PHYSICAL DESCRIPTION
Extent 452
930 ## - EQUIVALENCE OR CROSS-REFERENCE-UNIFORM TITLE HEADING [LOCAL, CANADA]
Uniform title 1162
Holdings
Withdrawn status Lost status Damaged status Not for loan Collection Home library Current library Date acquired Source of acquisition Cost, normal purchase price Total Checkouts Full call number Barcode Date last seen Copy number Price effective from Koha item type
          College of Engineering, Lavale, Pune College of Engineering, Lavale, Pune 01/01/1900 BMSGB Ltd. 599.00   666.893 ECL-04762 03/04/2023 2 03/04/2023 Book
          College of Engineering, Lavale, Pune College of Engineering, Lavale, Pune 01/01/1900 BMSGB Ltd. 599.00   666.893 ECL-04761 03/04/2023 1 03/04/2023 Book